One-step bootstraping for smooth iterative procedures.

Spôsob, ako v istých prípadoch zjednodušiť metódu opakovaného vzorkovania. Dôkaz efektívnosti a správnosti metódy, určenie oblastí použitia a ilustrácia na príklade.

Salvato in:
Dettagli Bibliografici
Autore principale: Schucany, W.R
Altri autori: Wang, S.
Natura: Capitolo di libro
Lingua:inglese
Soggetti:
Tags: Aggiungi Tag
Nessun Tag, puoi essere il primo ad aggiungerne!!

MARC

LEADER 00000naa a2200000 4500
001 r005077
005 20221213085116.7
041 0 |a eng 
044 |a GB 
245 1 0 |a One-step bootstraping for smooth iterative procedures.  |c W.R. Schucany, S. Wang 
520 |a Spôsob, ako v istých prípadoch zjednodušiť metódu opakovaného vzorkovania. Dôkaz efektívnosti a správnosti metódy, určenie oblastí použitia a ilustrácia na príklade. 
610 2 0 |a metódy matematicko-štatistické 
100 1 |a Schucany, W.R. 
700 1 |a Wang, S.